Catálogo

COMO VIVIR CON LA DIABETES (Registro nro. 7563)

Detalles MARC
000 -LEADER
fixed length control field 00555nam a2200205 a 4500
001 - CONTROL NUMBER
control field 7563
005 - DATE AND TIME OF LATEST TRANSACTION
control field 20180713191446.0
008 - FIXED-LENGTH DATA ELEMENTS--GENERAL INFORMATION
fixed length control field 140415s1992 mx 000 0 spa d
041 ## - LANGUAGE CODE
Language code of text/sound track or separate title spa
082 ## - DEWEY DECIMAL CLASSIFICATION NUMBER
Classification number 616.462
Item number DOL
100 1# - MAIN ENTRY--PERSONAL NAME
Personal name DOLGER, HENRY
245 10 - TITLE STATEMENT
Title COMO VIVIR CON LA DIABETES
250 ## - EDITION STATEMENT
Edition statement 1a ed.
260 ## - PUBLICATION, DISTRIBUTION, ETC.
Place of publication, distribution, etc. MEXICO :
Name of publisher, distributor, etc. DIANA,
Date of publication, distribution, etc. 1992
300 ## - PHYSICAL DESCRIPTION
Extent 237
650 14 - SUBJECT ADDED ENTRY--TOPICAL TERM
Topical term or geographic name entry element DIABETES
General subdivision DIABETICOS
-- PSICOTERAPIA
700 1# - ADDED ENTRY--PERSONAL NAME
Personal name D.L. VALVERDE, BERTHA
Relator term tr.
740 ## - ADDED ENTRY--UNCONTROLLED RELATED/ANALYTICAL TITLE
Uncontrolled related/analytical title |HOW TO LIVE WITH DIABETES
700 1# - ADDED ENTRY--PERSONAL NAME
Personal name SEEMAN, BERNARD
Relator term coaut.
Existencias
Withdrawn status Lost status Source of classification or shelving scheme Damaged status Not for loan Collection code Home library Current library Shelving location Date acquired Source of acquisition Inventory number Total Checkouts Total Renewals Full call number Barcode Date last seen Date last checked out Price effective from Koha item type
    Dewey Decimal Classification     General Biblioteca Karol Wojtyla Biblioteca Karol Wojtyla Sala general 03/12/2013 Compra 151000000000000000002237 1 1 616.462 DOL 20626 05/01/2026 06/12/2021 03/12/2013 Libro